Văn bản và làm văn rèn luyện kĩ năng viết văn ban rnghị luận

保存先:
書誌詳細
第一著者: Chim, Văn Bé
フォーマット: 図書
出版事項: Cần Thơ Đại học Cần Thơ 2007
主題:
タグ: タグ追加
タグなし, このレコードへの初めてのタグを付けませんか!
Thư viện lưu trữ: Trung tâm Học liệu Lê Vũ Hùng, Trường Đại học Đồng Tháp
LEADER 00699pam a22002058a 4500
001 00037463
005 20171102111101.0
008 170512s2007 ||||||Viesd
041 0 # |a Vie 
082 1 4 |a 807  |b V115B 
100 1 # |a Chim, Văn Bé 
245 1 0 |a Văn bản và làm văn  |c Chim, Văn Bé  |b rèn luyện kĩ năng viết văn ban rnghị luận 
260 # # |a Cần Thơ  |b Đại học Cần Thơ  |c 2007 
300 # # |a 351tr  |c 29cm. 
653 # # |a Rèn luyện 
653 # # |a làm văn 
852 # # |b Kho đọc  |j KD.1000308 
852 # # |j KM.0022022  |j KD.0021346 
910 |d 12/05/2017 
980 # # |a Trung tâm Học liệu Lê Vũ Hùng, Trường Đại học Đồng Tháp